000 00541nam a22001937a 4500
003 KOHA_MİRAKIL
005 20251224165606.0
008 251224b tu ||||| |||| 00| 0 tur d
020 _a9789750859304
040 _aTR-AnABB
_btur
_cTR-AnABB
041 _atur
082 _a920
_bECZ 2023
100 1 _aEczacıbaşı, Nejat,
245 1 0 _aDeğer yaratma tutkusu /
_cNejat Eczacıbaşı
260 _aİstanbul :
_bYapı Kredi Yayınları,
_c2023
300 _a215 sayfa ;
_c22 cm
650 0 4 _aOtobiyografi
942 _2ddc
_cBK
999 _c9976
_d9976
900 _bGizem YORULMAZ